Statistics for Biggest Populations in 2100

Click here to take the quiz!

General Stats

  • This quiz has been taken 57 times
  • The average score is 8 of 10

Answer Stats

#Population EstimateCountry% Correct
4447,483,156United States of America
100%
21,020,665,216China
96%
11,516,597,380India
96%
3793,942,316Nigeria
94%
7306,025,532Indonesia
90%
6351,942,931Pakistan
86%
5378,975,244Democratic Republic of the Congo
82%
9249,529,919Ethiopia
76%
8303,831,815Tanzania
67%
10213,758,214Uganda
47%

Score Distribution

Percentile by Number Answered

Percent of People with Each Score

Your Score History

You have not taken this quiz